El infierno de las vanidades : divas, virtuosos y pecadores /
Sparad:
| Huvudupphovsman: | |
|---|---|
| Materialtyp: | Elektronisk E-bok |
| Språk: | spanska |
| Publicerad: |
Cuenca, Ecuador :
Universidad del Azuay, Casa Editora,
[2025]
|
| Serie: | Litterae (Cuenca, Ecuador). Ensayo.
|
| Ämnen: | |
| Länkar: | Digitalia Hispánica |
| Taggar: |
Lägg till en tagg
Inga taggar, Lägg till första taggen!
|
MARC
| LEADER | 00000nam a2200000 i 4500 | ||
|---|---|---|---|
| 001 | DIGUAZUAY0323 | ||
| 003 | NyNyDIG | ||
| 007 | cr ||||||||||| | ||
| 008 | 260121s2025 ec o 000 0 spa d | ||
| 006 | m o d | ||
| 035 | |a (OCoLC)1536988898 | ||
| 040 | |a DGITA |b eng |e rda |e pn |c DGITA | ||
| 020 | |a 9789942577191 |q eBook | ||
| 020 | |z 9789942577184 | ||
| 050 | 1 | 4 | |a NX652.E56 ebook |
| 100 | 1 | |a Estrella, Francisco X., |e author. | |
| 245 | 1 | 3 | |a El infierno de las vanidades : |b divas, virtuosos y pecadores / |c Francisco X. Estrella. |
| 264 | 1 | |a Cuenca, Ecuador : |b Universidad del Azuay, Casa Editora, |c [2025] | |
| 300 | |a 1 online resource. | ||
| 336 | |a text |b txt |2 rdacontent | ||
| 337 | |a computer |b c |2 rdamedia | ||
| 338 | |a online resource |b cr |2 rdacarrier | ||
| 347 | |a text file |2 rdaft | ||
| 347 | |b PDF | ||
| 490 | 1 | |a Litterae. Ensayo | |
| 588 | 0 | |a Online resource; title from PDF title page (Digitalia, viewed January 21, 2026) | |
| 650 | 0 | |a Entertainers. | |
| 650 | 0 | |a Artists. | |
| 791 | 2 | |a Digitalia (Firm), |e distributor. | |
| 793 | 0 | |g Digitalia eBook Collection: |a Universidad del Azuay | |
| 776 | 0 | 8 | |i Print version: |a Estrella, Francisco X. |t Infierno de las vanidades. |d Cuenca, Ecuador : Universidad del Azuay, Casa Editora, [2025] |z 9789942577184 |
| 830 | 0 | |a Litterae (Cuenca, Ecuador). |p Ensayo. | |
| 856 | 4 | 0 | |3 Digitalia Hispánica |u https://digitalia.unach.elogim.com/a/180887/ |
| 910 | |a Premium collection: 2026 | ||